Colorado Rockies All-Time Team - Statistics

General Stats
  • This quiz has been taken 35 times
  • The average score is 4 of 10
Answer Stats
Nickname Player % Correct
First Base Todd Helton
100%
Shortstop Troy Tulowitzki
94%
Third Base Nolan Arenado
77%
Center Field Larry Walker
65%
Starting Pitcher Ubaldo Jimenez
52%
Right Field Charlie Blackmon
39%
Second Base Dante Bichette
10%
Left Field Vinny Castilla
10%
Relief Pitcher Adam Ottavino
0%
Catcher Yorvit Torrealba
0%
No matching quizzes found
Score Distribution
Percent of People with Each Score
Percentile by Number Answered
Your Score History
You have not taken this quiz